000 00985aam a2200313 i 4500
001 768714001
003 CO-MdFUSB
005 20250513154317.0
007 ta
008 250513t1994 sp |||| |||| 00| 0 spa d
020 _a84-7465-714-6
040 _cCO-MdFUSB
041 0 _aspa
_heng
082 0 4 _223
_a248
_bG7951n
100 1 _aGreen, Michael (1930-)
_eautor
240 _aNew life, New Lifestyle
245 1 0 _aNueva vida, nuevo estilo
_c/ Michael Green
264 1 _bOasis House
_aTerrassa, Barcelona :
_c[1994]
264 4 _c©1994
300 _a168 páginas
336 _atexto
_btxt
_2rdacontent
337 _2rdamedia
_asin mediación
_bn
338 _2rdacarrier
_avolumen
_bnc
505 _a¡Dos veces es la única manera de vivir! -- Una amistad transformadora -- Una nueva actitud -- Una revolución silenciosa -- Nuevas relaciones -- Una nueva sociedad.
563 _aRústico
650 0 _aVida cristiana
_919
942 _cBK
945 _aJTF-925
999 _c33115
_d33115